Mi bebé o mi jefe?: cómo conciliar la vida familiar con el trabajo
Uloženo v:
| Korporativní autor: | |
|---|---|
| Médium: | Kniha |
| Jazyk: | španělština |
| Vydáno: |
Ciudad de México
Fondo de Cultura Económica
2005
|
| Vydání: | 1a. ed |
| Edice: | Educación y Pedagogía
|
| Témata: | |
| Tagy: |
Přidat tag
Žádné tagy, Buďte první, kdo vytvoří štítek k tomuto záznamu!
|
MARC
| LEADER | 00000nam a2200000 a 4500 | ||
|---|---|---|---|
| 001 | UCK7850 | ||
| 003 | CL-VaPUC | ||
| 008 | 051230e20050000MX |||||||||||||||||spa|d | ||
| 020 | |a 9681674758 | ||
| 082 | 0 | 4 | |a 331.25 |b ORG |2 21 |
| 110 | 2 | |a Organización para la cooperación y el Desarrollo Económicos |e author |9 497518 | |
| 245 | 1 | 0 | |a Mi bebé o mi jefe?: cómo conciliar la vida familiar con el trabajo |
| 250 | |a 1a. ed | ||
| 300 | |a 372 p | ||
| 942 | |c BK | ||
| 945 | |d 20051230 00:00:00 |a cmena | ||
| 260 | |a Ciudad de México |b Fondo de Cultura Económica |c 2005 | ||
| 650 | 0 | |a Trabajo y empleo |9 315054 | |
| 650 | 0 | |a Calidad de vida |9 322944 | |
| 650 | 0 | |a Vida familiar |9 308049 | |
| 650 | 0 | |a Problemas sociales |9 258537 | |
| 583 | |a last modification |c 20051230 00:00:00 |k Rodrigo Vera | ||
| 490 | 0 | |a Educación y Pedagogía | |
| 999 | |c 315689 |d 315687 | ||
| 952 | |0 0 |1 0 |4 0 |6 331_250000000000000_ORG_2005 |7 0 |8 A |9 389293 |a BIBEDU |b BIBEDU |d 2019-11-22 |i 4194705 |o 331.25 ORG 2005 |p 4194705 |r 2019-11-22 |w 2019-11-22 |y BK |k PSI | ||